00297cam a22001217a 4500008004000000020001500040082001200055100001600067245003500083260002900118300000900147650001900156180718b2011 xxu||||| |||| 00| 0 eng d a8190597728 aA3 C471 aChug, K. K. aMy son my worldcby K. K. Chug aNew DelhibKrishnac2011 a80p. aEnglish poetry